000
00333nam a2200133Ia 4500
008
191201s2019 xx 000 0 und d
082
_a
616.079 RET
100
_a
Rajeshwar, Reddy.K
245
0
_a
Text Book of Immunology
260
_b
AITBS Pub.
_a
New Delhi
_c
2019
300
_a
290
650
_a
Pharmacotheraputics
942
_2
ddc
_c
BK
999
_c
8399
_d
8399